[Event "PriFO Champ RUS 2012"]
[Site "Tolyatti RUS"]
[Date "2012.02.27"]
[Round "1.7"]
[White "Safiullin,R"]
[Black "Kalegin,E"]
[Result "0-1"]
[WhiteElo "2264"]
[BlackElo "2462"]

1.e4 c5 2.Nf3 e6 3.d4 cxd4 4.Nxd4 a6 5.Bd3 Nf6 6.O-O Qc7 7.c4 d6 8.Nc3 Nbd7
9.Qa4 Be7 10.Nf3 O-O 11.Bg5 b6 12.b4 Bb7 13.Rac1 a5 14.Nb5 Qd8 15.Bxf6 Nxf6
16.bxa5 Nxe4 17.Qc2 Nf6 18.axb6 Bxf3 19.gxf3 Qxb6 20.Qd2 g6 21.Rc2 Qc5 22.Qe3 Qh5
23.Kh1 Rfc8 24.Rg1 Rc5 25.f4 d5 26.f5 dxc4 27.fxg6 cxd3 28.gxf7+ Kxf7 29.Rxc5 Qxc5
30.Qxd3 Qc6+ 31.f3 Rxa2 32.Nd4 Qd6  0-1

[Event "32nd TCh-IND 2012"]
[Site "Panaji IND"]
[Date "2012.02.28"]
[Round "3"]
[White "Das,Arg"]
[Black "Nitin,S"]
[Result "1/2-1/2"]
[WhiteElo "2459"]
[BlackElo "2399"]

1.e4 c5 2.Nf3 e6 3.d4 cxd4 4.Nxd4 a6 5.Bd3 g6 6.O-O Bg7 7.Nb3 d6 8.c4 Nf6
9.Nc3 O-O 10.Be2 Nc6 11.Be3 Qc7 12.Rc1 Ne5 13.Nd2 b6 14.f4 Ned7 15.b4 Bb7
16.Bf3 Rac8 17.Qe2 Qb8 18.Bf2 Rfe8 19.g4 h6 20.Be3 Nh7 21.Bg2 b5 22.Qd3 Nhf6
23.h3 bxc4 24.Nxc4 d5 25.exd5 exd5 26.Nxd5 Nxd5 27.Bxd5 Bxd5 28.Qxd5 Nf6
29.Qd6  1/2-1/2

[Event "PriFO Champ RUS 2012"]
[Site "Tolyatti RUS"]
[Date "2012.02.28"]
[Round "2.7"]
[White "Pasiev,R"]
[Black "Tunik,G"]
[Result "0-1"]
[WhiteElo "2312"]
[BlackElo "2406"]

1.e4 c5 2.Nf3 e6 3.d4 cxd4 4.Nxd4 a6 5.Bd3 Bc5 6.Nb3 Be7 7.Qg4 g6 8.Qe2 d6
9.O-O Nc6 10.c4 Ne5 11.Nc3 Nf6 12.Bh6 Nfg4 13.Bg7 Rg8 14.Bxe5 Nxe5 15.f4 Nxd3
16.Qxd3 Bd7 17.Kh1 Qc7 18.Nd2 O-O-O 19.b4 f5 20.a4 Kb8 21.Rab1 fxe4 22.Ndxe4 d5
23.Nc5 Bxc5 24.bxc5 Qxc5 25.cxd5 exd5 26.Qxa6 Bc8 27.Rfc1 d4 28.Ne2 Qe7 29.Qb6 Rd6
30.Qc5 Qd8 31.Rd1 d3 32.Nc3 Re8 33.Nb5 Ra6 34.Rbc1 Bg4 35.Rd2 Qa5 36.h3 Qxd2
37.Qc7+ Ka8 38.hxg4 Rc6  0-1

[Event "PriFO Champ RUS 2012"]
[Site "Tolyatti RUS"]
[Date "2012.02.28"]
[Round "2.32"]
[White "Elistratov,Semen"]
[Black "Trifonov,P"]
[Result "1/2-1/2"]
[WhiteElo "1902"]
[BlackElo "2222"]

1.e4 c5 2.Nf3 e6 3.d4 cxd4 4.Nxd4 a6 5.Bd3 Nf6 6.Qe2 d6 7.c4 Nbd7 8.Nc3 g6
9.O-O Bg7 10.Bc2 O-O 11.Be3 b6 12.f4 Bb7 13.Rad1 Qc7 14.Kh1 Rac8 15.b3 b5
16.Ndxb5 axb5 17.Nxb5 Qb8 18.Nxd6 Rcd8 19.e5 Ne8 20.Nxb7 Qxb7 21.Bc5 Rc8
22.Be4 Qc7 23.Bxf8 Bxf8 24.Qb2 Nc5 25.Bf3 Rb8 26.Qd2 Qb6 27.Rb1 Na6 28.Qc1 Qa5
29.Rd1 Nec7 30.Ra1 Ba3 31.Qc2  1/2-1/2

[Event "PriFO Champ RUS 2012"]
[Site "Tolyatti RUS"]
[Date "2012.03.01"]
[Round "4.22"]
[White "Gerasimov,I"]
[Black "Uraev,I"]
[Result "0-1"]
[WhiteElo "2333"]
[BlackElo "2218"]

1.e4 c5 2.Nf3 e6 3.d4 cxd4 4.Nxd4 a6 5.Bd3 Nf6 6.O-O Qc7 7.c4 d6 8.b3 Nbd7
9.Nd2 Be7 10.Bb2 b6 11.Rc1 Bb7 12.Bb1 O-O 13.Qe2 Rfe8 14.b4 Rac8 15.a3 Qb8
16.f4 g6 17.N4b3 e5 18.f5 Qa8 19.Rc3 b5 20.Na5 bxc4 21.Nxb7 Qxb7 22.Rxc4 a5
23.Rfc1 axb4 24.axb4 Rxc4 25.Qxc4 gxf5 26.exf5 d5 27.Qe2 Qxb4 28.Nf3 Bc5+
29.Kh1 e4 30.Ng5 Rb8 31.Bxf6 Nxf6 32.h4 Bd6 33.Nh3 Qxb1 34.Rxb1 Rxb1+ 35.Ng1 Bc5
36.Qc2 Rxg1+ 37.Kh2 Be3 38.Qb2 Kg7 39.h5 Rf1 40.Qe2 Bf4+ 41.g3 Rf2+  0-1

[Event "PriFO Champ RUS 2012"]
[Site "Tolyatti RUS"]
[Date "2012.03.01"]
[Round "4.2"]
[White "Geller,J"]
[Black "Tunik,G"]
[Result "1-0"]
[WhiteElo "2565"]
[BlackElo "2406"]

1.e4 c5 2.Nf3 e6 3.d4 cxd4 4.Nxd4 a6 5.Bd3 Bc5 6.Nb3 Be7 7.Qg4 g6 8.Qe2 d6
9.O-O Nc6 10.Nc3 Ne5 11.f4 Nxd3 12.cxd3 Nf6 13.e5 Nd5 14.Nxd5 exd5 15.exd6 Qxd6
16.Re1 d4 17.f5 Bxf5 18.Bf4 Qe6 19.Qf2 Qb6 20.Nxd4 Be6 21.Nxe6 Qxf2+ 22.Kxf2 fxe6
23.Rxe6 Kf7 24.Re4 Rac8 25.Rf1 Bf6 26.Be5 Bxe5 27.Rxe5 Rc7 28.Ke3+ Kg7 29.d4 Rd8
30.Kd3 Rd6 31.g4 Rcd7 32.Rf4 Rb6 33.Rf2 Rbd6 34.Re4 Rd5 35.Rfe2 Kf7 36.h4 Ra5
37.b3 Rad5 38.Rf4+ Kg7 39.g5 R5d6 40.Re8 h6 41.Rfe4 hxg5 42.hxg5 Kf7 43.Rh8 Kg7
44.Reh4  1-0

[Event "TCh-CZE Extraliga 2011-12"]
[Site "Czech Republic CZE"]
[Date "2012.03.03"]
[Round "7.4"]
[White "Bartel,Mat"]
[Black "Petr,Ma"]
[Result "1-0"]
[WhiteElo "2627"]
[BlackElo "2526"]

1.e4 c5 2.Nf3 e6 3.d4 cxd4 4.Nxd4 a6 5.Bd3 Qc7 6.Qe2 d6 7.b3 Nf6 8.Bb2 Be7
9.Nd2 O-O 10.c4 b6 11.f4 Nbd7 12.O-O Bb7 13.Rae1 Rad8 14.Bc2 g6 15.e5 dxe5
16.fxe5 Nh5 17.N2f3 Ng7 18.Kh1 Rfe8 19.Qe3 f5 20.exf6 Bxf6 21.Ng5 e5 22.Ne2 Bxg5
23.Qxg5 Rf8 24.Ng3 b5 25.h4 Ne6 26.Qe7 Nd4 27.Bxd4 exd4 28.Nh5  1-0

[Event "2nd HD Bank Cup 2012"]
[Site "Ho Chi Minh City VIE"]
[Date "2012.03.03"]
[Round "3.12"]
[White "Wan Yunguo"]
[Black "Tran Thanh Tu"]
[Result "1-0"]
[WhiteElo "2441"]
[BlackElo "2300"]

1.e4 c5 2.Nf3 e6 3.d4 cxd4 4.Nxd4 a6 5.Bd3 Bc5 6.Nb3 Ba7 7.O-O Nc6 8.Qe2 d6
9.Be3 Nf6 10.c4 O-O 11.Nc3 Ne5 12.Rfd1 Bxe3 13.Qxe3 Nfg4 14.Qe2 f5 15.exf5 exf5
16.h3 f4 17.hxg4 f3 18.Qe4 Bxg4 19.g3 Rf6 20.c5 Rh6 21.Bc4+ Nxc4 22.Qxg4 Ne5
23.Qf5 Rf6 24.Qxe5 dxe5 25.Rxd8+ Rxd8 26.Re1 g5 27.Rxe5 h6 28.Nd5 Rf7 29.g4 Kg7
30.Nd4 Kg6 31.Nf5 Kh7 32.Kh2 h5 33.gxh5  1-0

[Event "TCh-LTU 2012"]
[Site "Lithuania LTU"]
[Date "2012.03.03"]
[Round "6"]
[White "Tvarijonas,T"]
[Black "Setkauskas,V"]
[Result "1/2-1/2"]
[WhiteElo "1991"]
[BlackElo "2161"]

1.e4 c5 2.Nf3 e6 3.d4 cxd4 4.Nxd4 a6 5.Bd3 Qc7 6.O-O Nf6 7.c4 Bc5 8.Nc2 Be7
9.Nc3 d6 10.Be3 Nbd7 11.f4 h5 12.Kh1 b6 13.b4 Bb7 14.Bd4 h4 15.f5 h3 16.g3 b5
17.fxe6 fxe6 18.Rc1 bxc4 19.Bxc4 Qxc4 20.Ne3 Nxe4 21.Ncd5 Nxg3+ 22.Kg1 Ne2+
23.Qxe2 Qxe2 24.Nc7+ Kd8 25.Nxe6+  1/2-1/2

[Event "10th Khazar Cup"]
[Site "Rasht IRI"]
[Date "2012.03.03"]
[Round "5"]
[White "Asgarov,M"]
[Black "Alavi,S"]
[Result "0-1"]
[WhiteElo "2257"]
[BlackElo "2443"]

1.e4 c5 2.Nf3 e6 3.d4 cxd4 4.Nxd4 a6 5.Bd3 Bc5 6.Nb3 Ba7 7.O-O Nc6 8.Qe2 d6
9.a4 Nf6 10.Nc3 O-O 11.Be3 Bxe3 12.Qxe3 e5 13.Nd5 Be6 14.c4 a5 15.Be2 Nd7
16.Rac1 b6 17.Nc3 Nc5 18.Nb5 Qe7 19.Rfd1 Rfd8 20.Nxc5 bxc5 21.f4 Nd4 22.f5 Bd7
23.Nc7 Bxa4 24.Nd5 Qf8 25.Rd3 Rab8 26.f6 Rxb2 27.Bg4 g6 28.Qg5 h6 29.Ne7+ Kh7
30.Rh3 Rb3 31.Rh4 Bd7 32.Rf1 Bxg4 33.Qxg4 a4 34.Rh3 Rxh3 35.Qxh3 Ra8 36.Qd7 a3
37.Ra1 a2 38.h4 h5 39.Kh2 Rd8 40.Qb7 Qh6 41.Nd5 Rf8 42.Rxa2 g5 43.Ra8 gxh4
44.Rxf8 Qxf8 45.Ne7 Qh6 46.Nd5 Qg6 47.Qd7 Ne6 48.Kh1 h3 49.gxh3 Qxe4+ 50.Kh2 Ng5
51.Ne7 Qf4+ 52.Kg2 Qxf6 53.Nf5 Qe6 54.Qxe6 Nxe6 55.Nxd6 Kg6 56.Kf3 f5 57.h4 Kf6
58.Ke3 e4 59.Nxe4+ fxe4 60.Kxe4 Nc7 61.Kf4 Na8 62.Ke4 Nb6  0-1

[Event "2nd HD Bank Cup 2012"]
[Site "Ho Chi Minh City VIE"]
[Date "2012.03.04"]
[Round "4.5"]
[White "Gopal,G"]
[Black "Pham Le Thao Nguyen"]
[Result "1/2-1/2"]
[WhiteElo "2572"]
[BlackElo "2351"]

1.e4 c5 2.Nf3 e6 3.d4 cxd4 4.Nxd4 a6 5.Bd3 Bc5 6.Nb3 Be7 7.O-O d6 8.Qg4 g6
9.Qe2 Nc6 10.a4 Ne5 11.a5 Bd7 12.Be3 Nf6 13.N1d2 O-O 14.f4 Nxd3 15.cxd3 Bb5
16.Nd4 Qd7 17.f5 Rac8 18.Bg5 e5 19.Nxb5 axb5 20.Rf2 Rc2 21.b4 d5 22.fxg6 fxg6
23.Raf1 dxe4 24.Bxf6 Bxf6 25.Qxe4 Bg7 26.Rxf8+ Bxf8 27.Nf3 Qc6 28.Qg4 Rc1
29.h3 e4 30.Qxe4 Qxe4 31.dxe4 Rxf1+ 32.Kxf1 Bxb4 33.Nd4 Bxa5 34.Nxb5 Bb4
35.Ke2  1/2-1/2

[Event "2nd Ferdynanda Dziedzica Mem"]
[Site "Trzcianka POL"]
[Date "2012.03.04"]
[Round "5"]
[White "Dragun,K"]
[Black "Gajewski,G"]
[Result "0-1"]
[WhiteElo "2425"]
[BlackElo "2618"]

1.e4 c5 2.Nf3 e6 3.d4 cxd4 4.Nxd4 a6 5.Bd3 Bc5 6.Nb3 Be7 7.Qg4 g6 8.Qe2 d6
9.O-O Nc6 10.a4 Ne5 11.Na3 Nf6 12.Bh6 Nfg4 13.Bd2 O-O 14.a5 d5 15.exd5 exd5
16.h3 Nxd3 17.cxd3 Re8 18.Rae1 Nf6 19.Qf3 Bf8 20.Nc2 Bd7 21.Rxe8 Bxe8 22.Bg5 Bg7
23.Ne3 h6 24.Bh4 Qd6 25.Nd4 Bd7 26.Bg3 Qb4 27.Be5 Qe7 28.Bg3 Nh5 29.Nxd5 Qg5
30.h4 Qg4 31.Ne2 Qxf3 32.gxf3 Re8 33.Nec3 Bc6 34.Nf4 Nxf4 35.Bxf4 Bxf3 36.Be3 Rd8
37.Rc1 Rxd3 38.Na4 Rd5 39.Nc5 Rh5  0-1

[Event "2nd HD Bank Cup 2012"]
[Site "Ho Chi Minh City VIE"]
[Date "2012.03.05"]
[Round "6.27"]
[White "Sean,W"]
[Black "Tran Thanh Tu"]
[Result "1-0"]
[WhiteElo "2036"]
[BlackElo "2300"]

1.e4 c5 2.Nf3 e6 3.d4 cxd4 4.Nxd4 a6 5.Bd3 Bc5 6.Nb3 Be7 7.Nc3 d6 8.Qe2 Qc7
9.Bd2 Nf6 10.a4 b6 11.f4 Nc6 12.O-O Bb7 13.Rac1 h5 14.Nd1 d5 15.exd5 Nxd5
16.f5 e5 17.Ne3 Nf6 18.Nc4 Kf8 19.Bc3 Re8 20.Ne3 Nb4 21.Bxb4 Bxb4 22.c3 Bd6
23.Nc4 e4 24.Nxd6 Qxd6 25.Bxa6 Ng4 26.g3 Ba8 27.Bb5 Rc8 28.Qd2 Qb8 29.Qf4 Qb7
30.Be2 Nf6 31.Nd4 Qe7 32.Nb5 Kg8 33.Qd6 Qb7 34.Qb4 Qb8 35.Qe7 Rf8 36.Qc7 Kh7
37.Qxb8 Rxb8 38.Nd6 Rhd8 39.Rfd1 Bd5 40.Nc4 Bc6 41.Rxd8 Rxd8 42.Rd1 Rb8 43.Rd6 Bxa4
44.Rxb6 Re8 45.Nd6 Re5 46.Bc4 Bd7 47.Rb8 Bxf5 48.Rh8+ Kg6 49.Bxf7+ Kg5 50.h4+  1-0

[Event "ch-Moscow S/F 2012"]
[Site "Moscow RUS"]
[Date "2012.03.06"]
[Round "9"]
[White "Akopova,A"]
[Black "Kachar,V"]
[Result "1/2-1/2"]
[WhiteElo "2008"]
[BlackElo "2294"]

1.e4 c5 2.Nf3 e6 3.d4 cxd4 4.Nxd4 a6 5.Bd3 Bc5 6.Nb3 Be7 7.O-O Nc6 8.Kh1 Nf6
9.f4 d6 10.c4 Nb4 11.Nc3 Nxd3 12.Qxd3 b6 13.e5 dxe5 14.Qf3 e4 15.Nxe4 Bd7
16.Be3 O-O 17.Rad1 Qc8 18.Nxf6+ Bxf6 19.Qf2 b5 20.c5 Bc6 21.Bd4 Be7 22.Na5 Bd5
23.a3 f6 24.c6 Qe8 25.Bc5 Rc8 26.Bxe7 Qxe7 27.Qb6 Qc7 28.Qxc7 Rxc7 29.f5 Bxc6
30.fxe6 Be4 31.Kg1 Re8 32.Rd6 Rce7 33.Rxa6 Rxe6 34.Rxe6 Rxe6 35.Nb3 Rd6 36.Nc5 Bc6
37.Rf2 Kf7 38.Re2 h5 39.Kf2 h4 40.Nb3 Rd5 41.Rd2 Rg5 42.g3 Rf5+ 43.Kg1 hxg3
44.hxg3 Re5 45.Nd4 Be4 46.Kf2 g5 47.Re2 g4 48.Nxb5 Rxb5 49.Rxe4 Rxb2+ 50.Re2 Rb3
51.Ra2 Rf3+  1/2-1/2

[Event "PriFO Champ RUS 2012"]
[Site "Tolyatti RUS"]
[Date "2012.03.06"]
[Round "9.30"]
[White "Filipenko,A"]
[Black "Murtazin,Bulat"]
[Result "1-0"]
[WhiteElo "2351"]
[BlackElo "2004"]

1.e4 c5 2.Nf3 e6 3.d4 cxd4 4.Nxd4 a6 5.Bd3 Bc5 6.Nb3 Ba7 7.O-O Ne7 8.Bf4 O-O
9.Bd6 Nbc6 10.Nc3 Re8 11.Qh5 Ng6 12.e5 Bb8 13.Bxb8 Rxb8 14.f4 d6 15.Ne4 Qh4
16.Qxh4 Nxh4 17.Nxd6 Rd8 18.a3 Nf5 19.Nxf5 exf5 20.Rad1 Kf8 21.Kf2 Ke7 22.Ke3 f6
23.exf6+ Kxf6 24.Bc4 Be6 25.Bxe6 Kxe6 26.Nc5+ Ke7 27.Rfe1 Na5 28.Kf3+ Kf7
29.Nd7 Rbc8 30.Ne5+ Kf6 31.Rxd8 Rxd8 32.b4 Nc6 33.Nxc6 bxc6 34.Re3 h6 35.Rc3 Rd6
36.h4 g5 37.fxg5+ hxg5 38.hxg5+ Kxg5 39.Rc5 Kf6 40.Ra5 Rd2 41.c4 Rc2 42.c5 Ke5
43.Rxa6 Rc3+ 44.Kf2 Rc2+ 45.Kg1 Rc1+ 46.Kh2 Ra1 47.Rxc6 Rxa3 48.b5 Kd5 49.Rc7 Ra8
50.b6 f4 51.b7 Rh8+ 52.Kg1 Rb8 53.c6  1-0

[Event "Magistral Edith Soppe 2012"]
[Site "La Punta ARG"]
[Date "2012.03.07"]
[Round "9"]
[White "Sanz Alonso,F"]
[Black "Martinez,Ay"]
[Result "1/2-1/2"]
[WhiteElo "2386"]
[BlackElo "2101"]

1.e4 c5 2.Nf3 e6 3.d4 cxd4 4.Nxd4 a6 5.Bd3 Bc5 6.Nb3 Ba7 7.O-O Nc6 8.Qe2 Nge7
9.Bf4 d6 10.Nc3 Ng6 11.Bg3 h5 12.h3 Qg5 13.Kh1 e5 14.Nd5 O-O 15.c3 h4 16.Bh2 Nce7
17.Nxe7+ Qxe7 18.Qh5 Bd7 19.Nd2 Be8 20.Bc4 Nf4 21.Bxf4 exf4 22.Bd5 Bc6 23.Nf3 Bxd5
24.exd5 Qf6 25.Rae1 Rfe8 26.Kg1 g6 27.Qxh4 Qxh4 28.Nxh4 Kg7 29.Nf3 Kf6 30.h4 Rac8
31.Rxe8 Rxe8 32.Re1 Rxe1+ 33.Nxe1 Ke5 34.Nf3+ Kxd5 35.Ng5 f6 36.Nf7 Ke6 37.Nh8 Kf5
38.Kf1 d5 39.Ke2 Bc5 40.Kf3 g5 41.g4+ fxg3 42.fxg3 g4+ 43.Ke2 Bd6 44.Kf2 Bc5+
45.Ke2 Bd6 46.Kf2 b5 47.Nf7 Bc5+ 48.Ke2 Kg6 49.Nd8 Bd6 50.Kf2 b4 51.cxb4 Bxb4
52.Ne6 Bd6 53.b4 Bxb4  1/2-1/2

[Event "Zagreb Open A"]
[Site "Zagreb CRO"]
[Date "2012.03.08"]
[Round "4.16"]
[White "Bender,I"]
[Black "Sertic,Ru"]
[Result "1/2-1/2"]
[WhiteElo "2272"]
[BlackElo "2396"]

1.e4 c5 2.Nf3 e6 3.d4 cxd4 4.Nxd4 a6 5.Bd3 Qc7 6.O-O Nf6 7.Qe2 d6 8.c4 Be7
9.Nc3 Nc6 10.Nxc6 bxc6 11.Bf4 e5 12.Bg3 Bg4 13.f3 Be6 14.Bf2 O-O 15.Rfc1 Nd7
16.Nd5 Qd8 17.Nxe7+ Qxe7 18.c5 Nxc5 19.Bxc5 dxc5 20.Bxa6 Qg5 21.Rd1 Rfd8
22.Bb7 Rxa2 23.Bxc6 Rxa1 24.Rxa1 h5 25.Bd5 Bxd5 26.exd5 Qf4 27.Rd1 Rd6 28.Qe4 f5
29.g3 Qxe4 30.fxe4 fxe4 31.Kf2 Kf7 32.Ke3 Rb6 33.Kxe4 Rxb2 34.Kxe5 Ke7 35.d6+ Kd7
36.Rf1 Kc6 37.Rd1 Re2+ 38.Kf4 Kd7 39.h4 Rg2 40.Rd3 Rc2 41.Ke5 g6 42.Ra3 Re2+
43.Kd5 Rd2+ 44.Kxc5 Rxd6 45.Re3  1/2-1/2

[Event "ch-CZE U20 2012"]
[Site "Kouty nad Desnou CZE"]
[Date "2012.03.09"]
[Round "1"]
[White "Vlasak,Lu"]
[Black "Kratochvil,Jo"]
[Result "1-0"]
[WhiteElo "2270"]
[BlackElo "2236"]

1.e4 c5 2.Nf3 e6 3.d4 cxd4 4.Nxd4 a6 5.Bd3 Qc7 6.O-O Nf6 7.Qe2 d6 8.c4 g6
9.Nc3 Bg7 10.Nf3 Nc6 11.h3 O-O 12.Bf4 Nd7 13.Rfd1 Bxc3 14.bxc3 f6 15.Bc2 e5
16.Be3 Nc5 17.Nh2 Be6 18.Bxc5 dxc5 19.Ng4 Rad8 20.Rxd8 Qxd8 21.Ne3 Ne7 22.Rb1 Qc7
23.Bd1 Nc8 24.Qd3 Rd8 25.Rxb7 Rxd3 26.Rxc7 Nd6 27.Rc6 Kf7 28.Bc2 Rd2 29.Rxa6 f5
30.exf5 gxf5 31.Bb3 Ne4 32.Ra7+ Kg6 33.Bc2 Nd6 34.g4 e4 35.gxf5+ Bxf5 36.Ra6 Kg5
37.Rc6 Nxc4 38.Nxf5 Kxf5 39.Rxc5+ Kf4 40.Bxe4 Kxe4 41.Rxc4+ Kf3 42.Rd4 Rxa2
43.Rd3+ Ke4 44.Re3+ Kf4 45.Kg2 Rc2 46.Rf3+ Ke4 47.Kg3 Rc1 48.Re3+ Kf5 49.Kf3 Rc2
50.Rd3 Ke5 51.Ke3 h6 52.f4+ Kf5 53.Rd5+ Ke6 54.Re5+ Kf6 55.Kd4 Rf2 56.Re3 Rxf4+
57.Kd5 Rf1 58.c4 Rd1+ 59.Kc6 Rc1 60.c5 Kf5 61.Kd6 Kf4 62.Rb3  1-0

[Event "TCh-SVK Extraliga 2011-12"]
[Site "Slovakia SVK"]
[Date "2012.03.09"]
[Round "9.2"]
[White "Petenyi,T"]
[Black "Bernasek,J"]
[Result "0-1"]
[WhiteElo "2347"]
[BlackElo "2464"]

1.e4 c5 2.Nf3 e6 3.d4 cxd4 4.Nxd4 a6 5.Bd3 Bc5 6.Nb3 Ba7 7.Qe2 d6 8.Be3 Nc6
9.f4 Nge7 10.O-O O-O 11.Nc3 b5 12.a4 b4 13.Nd1 Qc7 14.Kh1 Bb7 15.Bxa7 Rxa7
16.Ne3 Raa8 17.Qh5 Kh8 18.Rf3 Ng8 19.Rh3 h6 20.Rf1 Nce7 21.Qa5 Qb8 22.Qxb4 f5
23.Na5 Bxe4 24.Qxb8 Raxb8 25.Nec4 d5 26.Ne5 Rxb2 27.Nac6 Kh7 28.Nd4 Nf6 29.Nxe6 Rfb8
30.Re3 Ra2 31.Nc5 Rbb2 32.h3 a5 33.Rf2 Ra1+ 34.Kh2 Rbb1 35.Be2 Rh1+ 36.Kg3 Rae1
37.Rb3 d4 38.Ncd3 Bd5 39.Bf3 Bxb3 40.Nxe1 Rxe1 41.cxb3 Ne4+ 42.Bxe4 fxe4
43.Rb2 Nd5 44.Nc4 e3 45.Kf3 d3 46.Nxe3 Rxe3+ 47.Kf2 Re4 48.g3 Nc3 49.Rd2 Re2+
50.Rxe2 dxe2  0-1

[Event "36th Blackpool Open"]
[Site "Blackpool ENG"]
[Date "2012.03.10"]
[Round "3"]
[White "Oswald,G"]
[Black "Jackson,O"]
[Result "0-1"]
[WhiteElo "2178"]
[BlackElo "2192"]

1.e4 c5 2.Nf3 e6 3.d4 cxd4 4.Nxd4 a6 5.Bd3 Nf6 6.O-O Qc7 7.Be3 b6 8.c4 Bb7
9.Nc3 d6 10.f3 Nbd7 11.Rc1 Be7 12.Qe2 O-O 13.g4 Ne5 14.g5 Nfd7 15.f4 Nxd3
16.Qxd3 Rac8 17.b3 Nc5 18.Qc2 Rfe8 19.f5 exf5 20.exf5 Bf8 21.Rce1 Ne4 22.Nxe4 Rxe4
23.Rf4 Rce8 24.Rxe4 Rxe4 25.Qd2 Qe7 26.Kf1 Qe5 27.Re2 d5 28.cxd5 Qxd5 29.Bg1 Bc5
30.Rxe4 Qxe4 31.Qe2 Qb1+ 32.Qe1 Bg2+ 33.Ke2 Qxa2+ 34.Kd3 Bh3 35.f6 Be6 36.Qg3 Bf5+
37.Kc4 Be6+ 38.Nxe6 fxe6 39.Qb8+ Bf8 40.Qxb6  0-1

[Event "ch-Moscow Final 2012"]
[Site "Moscow RUS"]
[Date "2012.03.10"]
[Round "1"]
[White "Ageichenko,G"]
[Black "Stukopin,A"]
[Result "0-1"]
[WhiteElo "2347"]
[BlackElo "2485"]

1.e4 c5 2.Nf3 e6 3.d4 cxd4 4.Nxd4 a6 5.Bd3 Bc5 6.Nb3 Ba7 7.Qe2 Nc6 8.Be3 d6
9.O-O Nge7 10.Nc3 e5 11.Rad1 O-O 12.Bc4 b5 13.Bd5 b4 14.Bxc6 Nxc6 15.Nd5 a5
16.Bxa7 Rxa7 17.Qe3 Ba6 18.Rfe1 Qb8 19.Rd2 Bc4 20.Nc1 Bxd5 21.Rxd5 Nd4 22.Qd3 Rc8
23.c3 bxc3 24.bxc3 Rac7 25.Ne2 Nxe2+ 26.Qxe2 Rxc3 27.Rxa5 Rc1 28.Rd5 R8c2
29.Rd2 Qb1 30.Kf1 Rxe1+ 31.Qxe1 Rc1  0-1

[Event "Zagreb Open A"]
[Site "Zagreb CRO"]
[Date "2012.03.10"]
[Round "7.21"]
[White "Graziani,Claudio"]
[Black "Meier,V"]
[Result "1/2-1/2"]
[WhiteElo "2214"]
[BlackElo "2272"]

1.e4 c5 2.Nf3 e6 3.d4 cxd4 4.Nxd4 a6 5.Bd3 Bc5 6.Nb3 Be7 7.Nc3 Nc6 8.O-O Nf6
9.Kh1 b5 10.f4 d6 11.Qf3 Bb7 12.e5 Nd7 13.exd6 Bxd6 14.Ne4 Be7 15.Be3 Nb4
16.Qg3 O-O 17.f5 Bh4 18.Qh3 Nxd3 19.cxd3 exf5 20.Nd6 Bd5 21.Nxf5 Bf6 22.Nbd4 g6
23.Nh6+ Kh8 24.Rf2 Bg7 25.Raf1 Ne5 26.Bf4 Nxd3 27.Qxd3 Bc4 28.Qf3 Qxd4 29.Rd1 Qf6
30.Ng4 Qf5 31.b3 Be6 32.Ne3 Qf6 33.Qg3 Rfd8 34.Bd6 Bf5 35.Nxf5 gxf5 36.h3 Rac8
37.Rfd2 Re8 38.Qf3 Re4 39.Rd5 Rce8 40.Rxf5 Re1+ 41.Kh2 Qg6 42.Rd3 Kg8 43.Bg3  1/2-1/2

[Event "TCh-HUN 2011-12"]
[Site "Budapest HUN"]
[Date "2012.03.11"]
[Round "7"]
[White "Szabo,Zso2"]
[Black "Tolnai,T"]
[Result "0-1"]
[WhiteElo "2432"]
[BlackElo "2476"]

1.e4 c5 2.Nf3 e6 3.d4 cxd4 4.Nxd4 a6 5.Bd3 Qc7 6.Qe2 Ne7 7.f4 Nbc6 8.Nxc6 Nxc6
9.c3 Bc5 10.Be3 Qb6 11.Bxc5 Qxc5 12.Nd2 O-O 13.e5 d5 14.O-O-O f5 15.Kb1 Bd7
16.Rhg1 Be8 17.g4 Bg6 18.h4 fxg4 19.Bxg6 hxg6 20.Rxg4 Qb5 21.Qe3 Ne7 22.Nb3 Qa4
23.Qb6 Qe4+ 24.Ka1 Nc6 25.Rdg1 Rxf4 26.Nd2 Raf8 27.a3 Qxe5 28.Rxf4 Qxf4 29.Qxb7 Nd8
30.Qe7 Qxd2 31.Rxg6 Qe1+ 32.Ka2 Qe5 33.h5 d4 34.c4 Nf7 35.Rxe6 Qxh5 36.Rxa6 d3  0-1

[Event "Yerevan Armenia Spring 2012"]
[Site "Yerevan ARM"]
[Date "2012.03.12"]
[Round "3"]
[White "Chigaev,M"]
[Black "Asgarizadeh,A"]
[Result "1-0"]
[WhiteElo "2396"]
[BlackElo "2212"]

1.e4 c5 2.Nf3 e6 3.d4 cxd4 4.Nxd4 a6 5.Bd3 Nf6 6.O-O Qc7 7.c4 d6 8.b3 Be7
9.Bb2 b6 10.Nc3 Bb7 11.Qe2 O-O 12.f4 Nbd7 13.Rae1 Rad8 14.Kh1 Rfe8 15.Nf3 Nc5
16.Bc2 d5 17.exd5 exd5 18.Nxd5 Bxd5 19.Bxf6 Bxf3 20.Rxf3 Bf8 21.Be5 Qc8 22.Rh3 g6
23.Re3 Bg7 24.Bxg7 Rxe3 25.Qxe3 Kxg7 26.f5 Qc6 27.Kg1 Qf6 28.b4 Nb7 29.fxg6 hxg6
30.Rf1 Qd4 31.Qxd4+ Rxd4 32.Bb3 f5 33.Rd1 Rxd1+ 34.Bxd1 Nd6 35.c5 bxc5 36.bxc5 Ne8
37.Kf2 Kf6 38.h4 Ke5 39.Bb3 Nf6 40.Kf3 Ne4 41.c6 g5 42.c7 g4+ 43.Ke2 Nd6
44.h5  1-0

[Event "European Ind w Rapid 2012"]
[Site "Gaziantep TUR"]
[Date "2012.03.15"]
[Round "1"]
[White "Videnova,I"]
[Black "Javakhishvili,L"]
[Result "0-1"]
[WhiteElo "2301"]
[BlackElo "2448"]

1.e4 c5 2.Nf3 e6 3.d4 cxd4 4.Nxd4 a6 5.Bd3 d6 6.O-O Nf6 7.c4 Be7 8.Nc3 O-O
9.Qe2 Nbd7 10.f4 Qc7 11.Kh1 b6 12.Bd2 Bb7 13.Rae1 Rad8 14.b4 Rfe8 15.Nb3 g6
16.a4 Bf8 17.a5 d5 18.axb6 Qxb6 19.Na4 Qa7 20.e5 dxc4 21.Bxc4 Nd5 22.Bxd5 Bxd5
23.Nbc5 Nxc5 24.Be3 a5 25.Bxc5 Bxc5 26.bxc5 Bc6 27.Nb6 a4 28.Rd1 Qa5 29.Qe3 a3
30.Rd6 a2 31.Ra1 Qb5 32.h3 Qb1+ 33.Qc1 Be4 34.Qg1 Rb8 35.Rd1 Qb3 36.Kh2 Red8
37.Nd7 Rxd7 38.Rxd7 Qc2 39.Rd4 Rb1 40.Rd1 Qb2 41.c6 Rxd1 42.Rxd1 Bxc6 43.Kg3 Be4
44.Kh4 Kg7 45.g4 h6 46.f5 Qxe5 47.Qa7 Bb1 48.fxe6 g5+  0-1

[Event "European Ind w Rapid 2012"]
[Site "Gaziantep TUR"]
[Date "2012.03.15"]
[Round "11"]
[White "Kosintseva,T"]
[Black "Dzagnidze,N"]
[Result "1-0"]
[WhiteElo "2513"]
[BlackElo "2559"]

1.e4 c5 2.Nf3 e6 3.d4 cxd4 4.Nxd4 a6 5.Bd3 Bc5 6.Nb3 Be7 7.Qg4 Bf6 8.Nc3 Nc6
9.Qg3 Nge7 10.Bf4 e5 11.Bd2 d6 12.h4 Be6 13.O-O-O Rc8 14.Kb1 h5 15.Bg5 Ng6
16.Nd5 Bxg5 17.hxg5 h4 18.Qe3 Nce7 19.c4 O-O 20.Nf6+ gxf6 21.gxf6 Nf4 22.g3 Neg6
23.gxf4 exf4 24.Qd4 b5 25.cxb5 axb5 26.Rdg1 Bxb3 27.axb3 Re8 28.Rxh4 Re5
29.Rxf4 Kf8 30.Rf5 Qc7 31.Qe3 Qc5 32.Qh6+ Ke8 33.Rxg6 Rxf5 34.Rg8+ Kd7 35.Rxc8 Qd4
36.exf5 Qxd3+ 37.Rc2  1-0

[Event "European Ind w Rapid 2012"]
[Site "Gaziantep TUR"]
[Date "2012.03.16"]
[Round "7"]
[White "Charochkina,D"]
[Black "Khurtsidze,N"]
[Result "1/2-1/2"]
[WhiteElo "2371"]
[BlackElo "2447"]

1.e4 c5 2.Nf3 e6 3.d4 cxd4 4.Nxd4 a6 5.Bd3 Bc5 6.Nb3 Be7 7.O-O d6 8.c4 Nf6
9.Nc3 b6 10.Qe2 Bb7 11.f4 Nbd7 12.Bd2 Qc7 13.Kh1 Nc5 14.Nxc5 Qxc5 15.Rac1 Nd7
16.Be3 Qc7 17.b4 O-O 18.Qf2 Rab8 19.Rc2 Ba8 20.Rfc1 Rfc8 21.Na4 Qc6 22.Nc3 Bf6
23.b5 axb5 24.Nxb5 Rb7 25.Qe2 Nc5 26.Rd1 Rd7 27.Bxc5 bxc5 28.e5 dxe5 29.fxe5 Be7
30.Rcd2 Rcd8 31.h3 Bg5 32.Nd6 Bxd2 33.Rxd2 Rxd6 34.exd6 Rxd6 35.Qe5 g6 36.Be4 Rxd2
37.Bxc6 Bxc6 38.Qb8+ Kg7 39.Qe5+ Kg8 40.Qxc5 Bxg2+ 41.Kh2 Rxa2 42.Kg3 h6
43.h4 Be4 44.Qe5 Ba8 45.Qb8+ Kg7 46.Qe5+ Kh7 47.Qc7 Ra3+ 48.Kh2 Rf3 49.c5 Rf5
50.c6 Kg7 51.Qb6 Bxc6 52.Qxc6 g5 53.Kg3 gxh4+ 54.Kxh4 Rf4+ 55.Kh5 Rf5+ 56.Kh4 Rf4+
57.Kh5 Rf5+  1/2-1/2

[Event "ch-Moscow w 2012"]
[Site "Moscow RUS"]
[Date "2012.03.17"]
[Round "1"]
[White "Zizlova,S"]
[Black "Ambartsumova,K"]
[Result "0-1"]
[WhiteElo "2149"]
[BlackElo "2318"]

1.e4 c5 2.Nf3 e6 3.d4 cxd4 4.Nxd4 a6 5.Bd3 g6 6.O-O Bg7 7.Be3 Nc6 8.c3 Nge7
9.Nd2 O-O 10.Nxc6 Nxc6 11.Nc4 d5 12.Nb6 d4 13.Nxa8 dxe3 14.Be2 Bd7 15.f4 Qxa8
16.Qxd7 Rd8 17.Qc7 Rd2 18.Bf3 Qa7 19.Kh1 Rxb2 20.e5 Qc5 21.Rab1 Qxc3 22.h3 Bf8
23.a4 a5 24.Rfd1 Rxb1 25.Rxb1 Bb4 26.Rd1 Qb3 27.Qxb7 Ne7 28.Rd7 Qb1+ 29.Kh2 Qf5
30.Rd4 Qc2 31.Qe4 Qxa4 32.Rd8+ Kg7 33.Qxe3 Nf5 34.Qa7 Be7 35.Rd7 Qxf4+ 36.Kh1 Qc1+
37.Bd1 Kh6 38.Qc7 Bc5 39.Rd3 Ng3+ 40.Kh2 Nf1+ 41.Kh1 Qf4 42.g3 Qf2  0-1

[Event "ch-Moscow w 2012"]
[Site "Moscow RUS"]
[Date "2012.03.20"]
[Round "4"]
[White "Zizlova,S"]
[Black "Vasilevich,I"]
[Result "0-1"]
[WhiteElo "2149"]
[BlackElo "2380"]

1.e4 c5 2.Nf3 e6 3.d4 cxd4 4.Nxd4 a6 5.Bd3 b5 6.a4 b4 7.O-O d6 8.Be3 Nf6
9.Nd2 Be7 10.f4 Bb7 11.Kh1 Nbd7 12.N4b3 O-O 13.Qe2 Re8 14.Bg1 e5 15.f5 d5
16.Rad1 Qc7 17.exd5 Nxd5 18.Ne4 Nf4 19.Qe1 Rad8 20.Nbd2 Bc5 21.Nf3 Bxg1 22.Rxg1 Nc5
23.Qe3 Ncxd3 24.cxd3 Qc2 25.Rd2 Rxd3 26.Rxc2 Rxe3 27.Nd6 Rxf3 28.Nxe8 Rd3
29.Rc7 Bd5 30.Rc8 Kf8 31.f6 gxf6 32.Nxf6+ Ke7 33.Nxd5+ Rxd5 34.Rc7+ Ke6 35.Rc6+ Rd6
36.Rxd6+ Kxd6 37.Rd1+ Kc5 38.Rd7 Kc4 39.Rxf7 Kb3 40.Rxh7 Kxb2 41.Ra7 b3 42.Rxa6 e4
43.Kg1 e3 44.Kf1 Kc3 45.Ke1 Nd3+ 46.Ke2 b2 47.Rc6+ Kb3 48.Kxd3 b1=Q+ 49.Kxe3 Qe1+
50.Kf3 Qf1+ 51.Ke3 Qxg2 52.Rd6 Qxh2 53.Rd4 Qg3+ 54.Ke4 Kc3 55.Rd5 Qg4+ 56.Ke5 Qxa4
57.Rc5+ Kd3 58.Rd5+ Ke3 59.Kd6 Qa6+ 60.Kc5 Qc8+ 61.Kd6 Qf8+ 62.Ke6 Qh6+ 63.Kf5 Qf4+
64.Ke6 Ke4 65.Rc5 Qh6+ 66.Kd7 Qb6 67.Rc6 Qb5 68.Kd6 Qe5+ 69.Kd7 Kd5 70.Rc7 Qf5+
71.Ke7 Qh7+ 72.Kd8 Qg8+ 73.Ke7 Qh8 74.Rd7+ Ke5 75.Rc7 Qf6+ 76.Kd7 Kd5 77.Ke8 Qf4
78.Kd7 Qf8 79.Rb7 Qd6+ 80.Kc8 Qc6+ 81.Rc7 Qe8+ 82.Kb7 Kd6 83.Rc1 Qe4+ 84.Kb8 Qb4+
85.Kc8 Qa3 86.Rd1+ Ke5  0-1